Zielona Góra – prawda czy fałsz? - Statystyki

Ogólne statystyki
  • Ten quiz został rozwiązany 185 razy
  • Średni wynik to 9 z 15
Statystyki odpowiedzi
Zagadnienie Odpowiedź % Poprawnych
Odra przepływa nieopodal dworca głównego. Fałsz
88%
W Zielonej Górze urodziła się Maryla Rodowicz. Prawda
86%
Około 80% powierzchni miasta stanowią obszary włączone w granice administracyjne w 2015 roku. Prawda
81%
Przez miasto biegnie autostrada A18. Fałsz
79%
Zielonogórski port lotniczy obsługuje najmniejszą liczbę pasażerów spośród wszystkich pozostałych portów w Polsce. Prawda
73%
Historycznie Zielona Góra jest częścią Dolnego Śląska. Prawda
73%
Zielona Góra nigdy nie miała swojego przedstawiciela w piłkarskiej Ekstraklasie. Prawda
67%
Nigdy w historii miasta jego prezydentem nie była kobieta. Fałsz
64%
Symbolem Falubazu jest faktycznie Myszka Miki, a nie tylko podobnie wyglądająca postać. Prawda
58%
Z centrum Zielonej Góry bliżej jest w linii prostej do Wrocławia, niż do Poznania. Fałsz
55%
Jedną z łacińskich nazw miasta jest Prasia Elysiorum, co oznacza dosłownie Elizejskie łąki. Prawda
49%
W Zielonej Górze swoją siedzibę posiada lubuski wojewoda. Fałsz
48%
Miasto słynie z ogromnej liczebności srok. Prawda
38%
Zielona Góra jest największym miastem w Polsce zaczynającym się na literę Z. Fałsz
33%
Najwyższym wzniesieniem miasta jest Winne Wzgórze, na którym znajduje się Palmiarnia. Fałsz
25%
Nie znaleziono quizów pasujących do podanych kryteriów
Rozkład punktacji
Procent ludzi z każdym wynikiem
Percentyl według liczby udzielonych odpowiedzi
Twoja historia wyników
Nie rozwiązałeś tego quizu